Principles or Marketing (Record no. 6387)

MARC details
005 - DATE AND TIME OF LATEST TRANSACTION
control field 20250629140751.0
020 ## - INTERNATIONAL STANDARD BOOK NUMBER
International Standard Book Number 0673154866
082 ## - DEWEY DECIMAL CLASSIFICATION NUMBER
Classification number 658.8 KIN
100 ## - MAIN ENTRY--PERSONAL NAME
Author name KINNEAR,T.
245 ## - TITLE STATEMENT
Title Principles or Marketing
260 ## - PUBLICATION, DISTRIBUTION, ETC.
Place of publication, distribution, etc. New York
Name of publisher, distributor, etc. SCOTT,FORESMAN and Company
Date of publication, distribution, etc. 1983.
300 ## - PHYSICAL DESCRIPTION
Extent xvi,920p.
Other physical details index
Dimensions 23cm.
700 ## - ADDED ENTRY--PERSONAL NAME
Other authors/Editors BERNHARDT,K.
942 ## - ADDED ENTRY ELEMENTS (KOHA)
Source of classification or shelving scheme Dewey Decimal Classification
Koha item type Books
Holdings
Date last seen Total checkouts Full call number Barcode Cost, replacement price Price effective from Koha item type Lost status Source of classification or shelving scheme Damaged status Not for loan Withdrawn status Home library Current library Shelving location Date acquired Source of acquisition Cost, normal purchase price
06/29/2025   658.8 KIN DOM0003875 90000.00 06/29/2025 Books   Dewey Decimal Classification       CBE Dodoma CBE Dodoma General Collection 01/07/1985 Library budget 30000.00